| 000 | 00804nam a22001937a 4500 | ||
|---|---|---|---|
| 005 | 20210617121346.0 | ||
| 008 | 210615b cr ||||| |||| 00| 0 spa d | ||
| 020 | _a9977680450 | ||
| 050 | 0 | 4 |
_aHC241.2 _bS46 1993 |
| 111 | 2 |
_aSeminario programa de formación de periodistas centromericanos en temas de la comunidad europea _n(1er : _cSan José, Costa Rica : _d25/28 mayo 1993) |
|
| 245 | 1 | 3 |
_aEl proceso de integración europeo _c/ editor Gilberto Lopes |
| 250 | _a1a ed. | ||
| 260 |
_aSan José, Costa Rica : _bFacultad Latinoamericana de Ciencias Sociales. Programa Costa Rica _c1993 |
||
| 300 |
_a116 p. ; _c21 cm. |
||
| 610 | 2 | 4 |
_aComunidad Económica Europea _xIntegración |
| 651 | 7 |
_2lemb _aEuropa _xIntegración económica |
|
| 700 | 1 |
_aLopes, Gilberto _eeditor _ecoordinador |
|
| 942 |
_2lcc _cLIB |
||
| 999 |
_c156174 _d156172 |
||